عرض عادي
عرض مارك
- Statistical matching.
مدخل مصطلح موضوعي
001 - رقم الضبط
- حقل الضبط: 40377
003 - معرف رقم الضبط
- حقل الضبط: OSt
005 - تاريخ ووقت أخر عملية
- حقل الضبط: 20131117200704.0
008 - عناصر بيانات ثابتة الطول
- حقل تحكم ثابت الطول: 131117|||a|||||| | ||| d
040 ## - مصدر الفهرسة
- هيئة الفهرسة الأصلية: OSt
- وكالة الكتابة: OSt
150 ## - مدخل-- مصطلح تاريخي
- عنصر مدخل المصطلح الموضوعي او الاسم الجغرافي: Statistical matching.
670 ## - بيانات المصدر موجوده
- الاستشهاد بالمصدر: Work cat.: (OSt)0: Christen, Peter. 40376, Data matching :, c2012.
